000 00636nam a2200205Ii 4500
003 JO-AjNU
008 230605s9999||||xx |||||||||||||| ||und||
017 _a83/3969
040 _aJO-AjNU
_bara
_erda
_cJO-AjNU
041 _aara
050 1 4 _aTT515.N34
100 3 _aمعروف، نجلاء ,
_eauthor
_910234
245 0 0 _aفنون الكروشية
264 3 1 _aالقاهرة :المركز العربي للنشر ،د.ت
300 _a104ص
_bصور توضيحية
336 _atext
_btxt
_2rdacontent
337 _aunmediated
_bn
_2rdamedia
338 _avolume
_bnc
_2rdacarrier
650 4 _aفنون الكروشية
_910235
999 _aA1703
_c5271
_d5271